Αντιλήψεις εκπαιδευτικών για την παιδική κακοποίηση : διπλωματική εργασία [πτυχιακή εργασία]

Αποθηκεύτηκε σε:
Λεπτομέρειες βιβλιογραφικής εγγραφής
Κύριος συγγραφέας: Τριπολίτη, Χριστίνα
Συγγραφή απο Οργανισμό/Αρχή: Πανεπιστήμιο Αιγαίου Σχολή Ανθρωπιστικών Επιστημών Τμήμα Επιστημών της Προσχολικής Αγωγής και του Εκπαιδευτικού Σχεδιασμού
Άλλοι συγγραφείς: Παπαηλιού, Χριστίνα Φ. (dgsf)
Μορφή: Thesis Βιβλίο
Γλώσσα:Greek
Δημοσίευση: 2017.
Θέματα:
Διαθέσιμο Online:http://hdl.handle.net/11610/17970
Ετικέτες: Προσθήκη ετικέτας
Δεν υπάρχουν, Καταχωρήστε ετικέτα πρώτοι!

MARC

LEADER 00000cam a2200000 a 4500
001 1/114559
008 170728s2017####gr | ||| |||| ||gre||
040 |a GR-MyUa  |b gre  |c GR-MyUa  |e AACR2 
041 0 |a gre 
082 7 |a 364.1555   |2 (23) 
100 1 |a Τριπολίτη, Χριστίνα. 
245 1 0 |a Αντιλήψεις εκπαιδευτικών για την παιδική κακοποίηση :   |b διπλωματική εργασία [πτυχιακή εργασία] /   |c Τριπολίτη Χριστίνα ; επιβλέπουσα καθηγήτρια: Παπαηλιού Χριστίνα.  
260 |c 2017.  
300 |a 59 σ. ;   |c 30 εκ.  
500 |a Υπάρχει ψηφιακό αντίγραφο.  
500 |a Μέλη εξεταστικής επιτροπής: Ξανθάκου Ποτίστα, Νικολάου Ελένη.  
502 # # |a Πτυχιακή εργασία – Πανεπιστήμιο Αιγαίου, Ρόδος, 2017. 
504 |a Βιβλιογραφία: σ. 45-49.  
506 1 |a Πλήρες κείμενο - Ενδοπανεπιστημιακή δημοσίευση - Να δημοσιοποιηθεί μετά τις 18-09-2017.  
650 0 |a Child abuse. 
650 0 |a Abused children  |z Greece. 
650 0 |a Child rearing. 
650 0 |a Teachers  |x Attitudes. 
650 0 |a Family violence  |x Law and legislation  |z Greece. 
700 1 |a Παπαηλιού, Χριστίνα Φ.  |e dgsf 
710 2 |a Πανεπιστήμιο Αιγαίου  |b Σχολή Ανθρωπιστικών Επιστημών  |b Τμήμα Επιστημών της Προσχολικής Αγωγής και του Εκπαιδευτικού Σχεδιασμού. 
852 |a INST  |b RHODES  |c DIATR  |e 20170728  |h 364.1555 ΤΡΙ  |p 005400039456  |q 005400039456  |t DIE  |y 23 
856 |u http://hdl.handle.net/11610/17970 
924 |a Τριπολίτη   |b Χριστίνα   |y Ρόδος  |z 2017-06  
970 |z 28-07-2017.